<?xml version="1.0" encoding="UTF-8"?>
<marc:record xmlns:marc="http://www.loc.gov/MARC21/slim">
   <marc:leader>00000nam a2200000 a 4500</marc:leader>
   <marc:datafield ind1="1" ind2=" " tag="100">
      <marc:subfield code="a">Grißmann, Yasemin</marc:subfield>
      <marc:subfield code="4">aut</marc:subfield>
      <marc:subfield code="e">Verfasser/-in</marc:subfield>
   </marc:datafield>
   <marc:datafield ind1="0" ind2="0" tag="245">
      <marc:subfield code="a">Liebe auf den tausendsten Klick</marc:subfield>
   </marc:datafield>
   <marc:datafield ind1="0" ind2="0" tag="245">
      <marc:subfield code="c">Yasemin Grißmann</marc:subfield>
   </marc:datafield>
   <marc:datafield ind1=" " ind2="1" tag="264">
      <marc:subfield code="a">München</marc:subfield>
      <marc:subfield code="b">Piper</marc:subfield>
      <marc:subfield code="c">2022</marc:subfield>
   </marc:datafield>
   <marc:datafield ind1="1" ind2=" " tag="520">
      <marc:subfield code="a">Im echten Leben hassen sie sich, im Internet sind sie beste Freunde. Das kann nicht gut gehen ... ein frecher Liebesroman voller Humor und Gefühle # #»Das erste Mal richtig nahe war sie mir auf einer Party. Sie hatte etwas getrunken. Sie war selbst angeheitert noch bezaubernd und  sie hat mich geküsst. Na gut, danach hat sie gekotzt. Aber das lag nicht an meinen Kuss-Qualitäten, ich schwöre es.« #Luca ist bei Romy unten durch  schließlich hat er ihrer besten Freundin sehr wehgetan. Warum können die Kerle nicht eher so sein wie Fynn, der Bookstagram-Neuling, mit dem sie online über Bücher diskutieren kann? #Sich in die beste Freundin der eigenen Freundin zu verlieben ist scheiße, denkt Luca. Denn als er die eine verlässt, sind beide auf ihn sauer. Wie schafft er es nur, dass Romy ihn trotzdem unvoreingenommen kennenlernt? Als er von ihrem Buchblog erfährt, kommt ihm eine Idee ... blöd nur, dass er von Büchern keine Ahnung hat.</marc:subfield>
   </marc:datafield>
   <marc:datafield ind1=" " ind2=" " tag="020">
      <marc:subfield code="a">9783492505420</marc:subfield>
      <marc:subfield code="9">9783492505420</marc:subfield>
   </marc:datafield>
   <marc:datafield ind1=" " ind2=" " tag="041">
      <marc:subfield code="a">ger</marc:subfield>
   </marc:datafield>
   <marc:datafield ind1=" " ind2=" " tag="300">
      <marc:subfield code="a">246 S.</marc:subfield>
   </marc:datafield>
</marc:record>
